000 02202nam a22002537a 4500
003 Uzh_bibl
008 260507b |||||||| |||| 00| 0 ukr d
020 _a978-617-7013-16-6
_c34.65
040 _bукр.
041 _2ukr
_aukr
080 _a821(477)
090 _a821(477)
_bЧ 42
100 _aЧемерис,Валентин
245 _aГенерали Імперії
_hТекст
260 _aХарків
_bТОВ "Бібколектор"
_c2013
300 _a380 с.
_fВ опр.
520 _aПетро Дорофійович Дорошенко і Карл Густав Еміль Маннергейм... Що спільного між ними, чому відомий український письменник Валентин Чемерис з’єднав розповідь про долю цих двох історичних постатей у одну книжку? Один жив у XVII столітті, а другий більш ніж на два століття пізніше, один був українцем, а другий – фіном. Але якщо придивитися уважніше, то спільного у українського гетьмана та національного героя фінів багато. Вони певний час служили імперії, вони обидва домоглися високих чинів у неї. Але і у Дорошенко, і у Маннергейма було в серці щось, перед чим не спроможні встояти ані чини, ані імперії. Це «щось» – любов до батьківщини. Саме заради цього і Дорошенко, і Маннергейм кинули виклик імперії, саме цьому вони присвятили своє життя...
521 _aДля широкого кола читачів
546 _aукр.
650 _aЛітературно-художнє видання
653 _aІсторичні постаті
_aНаціональний герой
655 _aСучасна проза
_vІсторичний роман
942 _2udc
_cBK
999 _c17667
_d17667